000 00784nam a22002537a 4500
003 UA-OsUOA
001 28592
007 ta
008 20050412b un ||||| |||| 00| 0 ukr d
100 _aКПРС. З'їзд.
090 _a94(47+57)
_bК77
942 _cBK
040 _aUA-OsUOA
_bukr
_cUA-OsUOA
_dUA-OsUOA
245 _aXXVII з'їзд Комуністичної партії Радянського Союзу, 25 лют. - 6 березня 1986 р. Стенографічний звіт.
_cКПРС. З'їзд.; КПРС. З'їзд.
300 _a578 с.
955 _a0
041 _aukr
080 _a94(47+57)
260 _aК.
_bПотітвидав України
_c1987
246 3 1 _aТ. 3
_n
044 _aUA
650 7 _2UDC
999 _c314961
_d314961